Movies Quiz

Random Movies Quiz
Score 0/24 Timer 07:00
5 Plays Today
% Correct
Toy Story 2
84.4%
Spider-Man 3
78.4%
A Good Day to Die Hard
78.3%
The Karate Kid, Part II
77.5%
Austin Powers: The Spy Who Shagged Me
77.1%
Meet the Fockers
75.3%
Rush Hour 2
74.8%
Shrek: Forever After
71.6%
Blade: Trinity
70.4%
Transformers: Revenge of the Fallen
68.5%
D2: The Mighty Ducks
68.4%
X-Men: The Last Stand
66.5%
% Correct
Pirates of the Caribbean: Dead Man's Chest
63.9%
Matrix: Reloaded
63.8%
Iron Man 3
63%
The Hangover Part 3
62.4%
Mission Impossible III
60.4%
Resident Evil: Apocalypse
58.1%
Naked Gun 33 1/3
57.7%
Twilight: New Moon
52.7%
Scream 3
49.5%
Saw VI
47.6%
The Bourne Supremacy
39.8%
Transporter 3
38.2%
Remove Ads.
Support Sporcle.
Get the best of Sporcle when you Go Orange. This ad-free experience offers more features, more stats, and more fun while also helping to support Sporcle. Thank you for becoming a member.

You're not logged in!

Compare scores with friends on all Sporcle quizzes.
OR
Log In

Show Comments

Extras

Top Quizzes Today


Score Distribution

Your Account Isn't Verified!

In order to create a playlist on Sporcle, you need to verify the email address you used during registration. Go to your Sporcle Settings to finish the process.

Report this User

Report this user for behavior that violates our Community Guidelines.

Details: